000 00573nam a2200229Ia 4500
003 OSt
005 20220924132146.0
006 a|||||r|||| 00| 0
007 ta
008 220923b |||||||| |||| 00| 0 san d
024 _a33815
037 _cTextual
040 _aARTS
_cARTS
_bsan
041 _2san
_asan
082 _aO15:2D35:11, G9
100 _aBhasa
245 0 _aPratijnayaugandharayana tr by C R Devadhar
260 _c1939
650 _aENGLISH LITERATURE
942 _hO15:2D35:11, G9
_cTEXL
_2CC
999 _c429499
_d429499